Les films avec Julia Robert - Statistiques

Statistiques générales
  • Ce quiz a été pris 178 fois
  • Le résultat moyen est 9 sur 30
Statistiques - réponses
Rôles Films % Correct
Une prostituée qui va tomber sous le charme d'un riche homme d'affaire Pretty Woman
94%
Une critique culinaire amoureuse de son meilleur ami Le mariage de mon meilleur ami
59%
La fée Clochette Hook
57%
La méchante reine qui ne supporte pas qu'une autre femme soit plus belle Blanche-Neige
56%
Une spécialiste en art en couple avec un gérant de casino mais amoureuse d'un voleur Ocean's eleven
52%
Une star de cinéma qui tombe amoureuse d'un libraire anglais Coup de foudre à Nothing Hill
50%
Une mère célibataire qui va dénoncer la pollution de l'eau potable Erin Brockovitch
48%
Une femme qui trouve un sens à sa vie en passant par l'Italie, L'inde .... Mange, Prie, Aime
48%
Une étudiante en droit qui enquête sur les meurtres de deux magistrats L'Affaire Pélican
39%
Une jeune photographe obligée de s'occuper des enfants de son nouveau conjoint car leur mère va mourir Ma meilleure ennemie
35%
Une fille qui abandonne systématiquement les hommes devant l'autel Just Married
34%
Une militaire qui revient de mission pour passer la Saint-Valentin avec son fils Valentine's Day
32%
Une professeur d'art dans les années 50 qui enseigne à une classe de jeunes filles Le Sourire de Mona Lisa
30%
Une mère qui lutte pour que son fils atteint d'une malformation faciale se fasse accepter à l'école Wonder
30%
Petite amie d'un escroc qui cherche un pistolet Le Mexicain
27%
Une serveuse d'origine portugaise qui travaille dans une pizzeria avec sa sœur Mystic Pizza
23%
Une réalisatrice d'émission TV qui voit son présentateur vedette se faire prendre en otage en direct Money Monster
20%
Une femme battue qui met en scène sa propre mort pour se sortir de ce cauchemar Les Nuits avec mon ennemi
19%
Une fille qui revient dans sa région pour assister à l'enterrement de son père qui s'est suicidé Un été à Osage County
15%
Une photographe qui s'entiche d'un écrivain d'abord, puis de Larry un homme rencontré sur Internet Closer, entre adultes consentants
14%
Une milliardaire américaine qui met son argent au profit de la lutte contre l'empire soviétique La Guerre selon Charlie Wilson
13%
Une sœur de star de cinéma qui va lui piquer son mari Couple de stars
12%
Une jeune femme qui va rendre fou Woody Allen lorsqu"il la rencontre à Venise Tout le monde dit I Love You
12%
Une enquêtrice du FBI dont la fille a été violée et tuée Aux yeux de tous
11%
Une espionne dans l'industrie qui espionne des laboratoires pharmaceutiques Duplicity
11%
Professeur d'expression orale qui va tomber sous le charme de son élève qui a repris ses études Il n'est jamais trop tard
11%
Une mère de famille qui lutte contre l'addiction de son fils adolescent Ben is Back
9%
Assistante du procureur qui va se retrouver au coeur d'une affaire d'état Complots
9%
Une femme de Louisiane qui rêve de devenir mère malgré son diabète Potins de femmes
8%
Pendant la semaine de la mode à Paris, cette jeune femme perd ses bagages à Roissy Pret-à-porter
6%
Aucun quiz correspondant
Distribution des résultats
% des personnes avec chaque résultat
Percentile par nombre de réponses
Votre historique - résultats
Vous n’avez pas pris ce quiz